Musicals by Playbill Quiz Stats

Quiz Updated Sep 21, 2015

Challenge
Share
Tweet
Score 0/24 Timer 06:00
5 Plays Today
# Musical % Correct
1Phantom of the Opera
99%
5The Lion King
97.8%
7Beauty and the Beast
94.4%
11Shrek the Musical
93.3%
9Wicked
92.5%
24Cats
88.8%
17Les Misérables
87.9%
13Hairspray
87%
19Fiddler on the Roof
80.3%
3Jersey Boys
79%
22Peter Pan
78.4%
14You're a Good Man Charlie Brown
77.6%
# Musical % Correct
2The Producers
72.6%
21Miss Saigon
47.9%
20The Music Man
47.1%
23A Chorus Line
40.4%
16Dreamgirls
38.9%
15Jesus Christ Superstar
33%
8Man of La Mancha
24.6%
41776
19.4%
18A Funny Thing Happened On the Way to the Forum
13.8%
10The Wiz
13.6%
642nd Street
11.4%
12Ragtime
6.9%

You're not logged in!

Compare scores with friends on all Sporcle quizzes.
Sign Up with Email
OR
Log In

You Might Also Like...

Show Comments

Extras

Top Quizzes Today


Score Distribution

Your Account Isn't Verified!

In order to create a playlist on Sporcle, you need to verify the email address you used during registration. Go to your Sporcle Settings to finish the process.